New Perspectives in Indian church History:Karnataka (Record no. 216648)
[ view plain ]
| 000 -LEADER | |
|---|---|
| fixed length control field | 00671nam a22002177a 4500 |
| 005 - DATE AND TIME OF LATEST TRANSACTION | |
| control field | 20211022144259.0 |
| 008 - FIXED-LENGTH DATA ELEMENTS--GENERAL INFORMATION | |
| fixed length control field | 211022b ||||| |||| 00| 0 eng d |
| 040 ## - CATALOGING SOURCE | |
| Transcribing agency | AL |
| 041 ## - LANGUAGE CODE | |
| Language code of text/sound track or separate title | eng |
| 082 ## - DEWEY DECIMAL CLASSIFICATION NUMBER | |
| Edition number | 23 |
| Classification number | 270.8 |
| Item number | NAIN |
| 100 ## - MAIN ENTRY--PERSONAL NAME | |
| Personal name | B.Narasingaraja Naidu |
| 100 ## - MAIN ENTRY--PERSONAL NAME | |
| 9 (RLIN) | 1554 |
| 245 ## - TITLE STATEMENT | |
| Title | New Perspectives in Indian church History:Karnataka |
| 260 ## - PUBLICATION, DISTRIBUTION, ETC. | |
| Place of publication, distribution, etc. | Bengaluru |
| Name of publisher, distributor, etc. | Dharmaram Publications |
| Date of publication, distribution, etc. | 2020 |
| 300 ## - PHYSICAL DESCRIPTION | |
| Extent | 71 p. |
| Other physical details | PB |
| Dimensions | 21x14 cm. |
| 365 ## - TRADE PRICE | |
| Price amount | ₹100.00 |
| Currency code | ₹ |
| Unit of pricing | ₹120.00 |
| Price effective from | 01-10-2021 |
| 440 ## - SERIES STATEMENT/ADDED ENTRY--TITLE | |
| Title | Dharmaram Church History Series-8 |
| 9 (RLIN) | 1555 |
| 650 ## - SUBJECT ADDED ENTRY--TOPICAL TERM | |
| Topical term or geographic name entry element | Indian Church History |
| 9 (RLIN) | 1556 |
| 650 ## - SUBJECT ADDED ENTRY--TOPICAL TERM | |
| Topical term or geographic name entry element | Karnataka |
| 9 (RLIN) | 1557 |
| 700 ## - ADDED ENTRY--PERSONAL NAME | |
| Personal name | NAIDU (B.Narasingaraja) |
| 9 (RLIN) | 1558 |
| 942 ## - ADDED ENTRY ELEMENTS (KOHA) | |
| Source of classification or shelving scheme | Dewey Decimal Classification |
| Koha item type | Book |
| Withdrawn status | Lost status | Source of classification or shelving scheme | Damaged status | Not for loan | Collection code | Home library | Current library | Date acquired | Source of acquisition | Cost, normal purchase price | Total Checkouts | Full call number | Barcode | Date last seen | Cost, replacement price | Price effective from | Koha item type |
|---|---|---|---|---|---|---|---|---|---|---|---|---|---|---|---|---|---|
| Dewey Decimal Classification | History | St Aloysius Library | St Aloysius Library | 10/22/2021 | B.Narasingaraju Naidu, Bengaluru | 118.00 | 270.8 NAIN | 075065 | 10/22/2021 | 120.00 | 10/22/2021 | Book | |||||
| Dewey Decimal Classification | History | St Aloysius Library | St Aloysius Library | 10/22/2021 | B.Narasingaraju Naidu, Bengaluru | 118.00 | 270.8 NAIN | 075066 | 10/22/2021 | 120.00 | 10/22/2021 | Book |